[Event "1st 4NCL Easter Congress"]
[Site "Stevenage"]
[Date "2019.04.19"]
[Round "1"]
[Board "14"]
[White "Gittens, Nathan L"]
[Black "Shearsby, Jude"]
[Result "1-0"]
[WhiteElo "1842"]
[BlackElo "1290"]
[PlyCount "67"]
[EventDate "2019.04.19"]
[EventRounds "7"]
[EventCountry "ENG"]

1. d4 Nf6 2. c4 g6 3. Nc3 Bg7 4. e4 d6 5. h3 O-O 6. Bg5 c5 7. d5 Nbd7 8. Nf3
Qb6 9. Qc2 a6 10. Be2 Re8 11. O-O Qc7 12. a4 b6 13. Nd2 e6 14. Rad1 exd5 15.
cxd5 Bb7 16. Rfe1 h6 17. Bf4 Rab8 18. Bh2 Kh7 19. Kh1 Re7 20. Nc4 Ne8 21. f4
Ba8 22. e5 b5 23. axb5 axb5 24. Nxb5 Rxb5 25. Nxd6 Rb8 26. Nc4 Qb7 27. Bg4 Nb6
28. Ne3 Rd8 29. d6 Red7 30. f5 Bf8 31. e6 Rxd6 32. Bxd6 Bxd6 33. exf7 Qxf7 34.
fxg6+  1-0

[Event "1st 4NCL Easter Congress"]
[Site "Stevenage"]
[Date "2019.04.20"]
[Round "2"]
[Board "1"]
[White "Cox, David A"]
[Black "Ukken, Somton"]
[Result "0-1"]
[WhiteElo "1967"]
[BlackElo "1898"]
[PlyCount "106"]
[EventDate "2019.04.19"]
[EventRounds "7"]
[EventCountry "ENG"]

1. e4 {[%emt 0:00:01]} b6 {[%emt 0:00:00]} 2. d4 {[%emt 0:00:00]} Bb7 {[%emt 0:
00:00]} 3. Bd3 {[%emt 0:00:00]} g6 {[%emt 0:00:00]} 4. Ne2 {[%emt 0:00:00]} Bg7
{[%emt 0:00:00]} 5. O-O {[%emt 0:00:00]} e6 {[%emt 0:00:00]} 6. Be3 {[%emt 0:
00:00]} d6 {[%emt 0:00:00]} 7. Nd2 {[%emt 0:00:00]} Ne7 {[%emt 0:00:00]} 8. f4
{[%emt 0:00:00]} f5 {[%emt 0:00:00]} 9. e5 {[%emt 0:00:00]} Nd5 {[%emt 0:00:00]
} 10. Bf2 {[%emt 0:00:00]} Bh6 {[%emt 0:00:00]} 11. Bc4 {[%emt 0:00:00]} Nxf4 {
[%emt 0:00:00]} 12. Nxf4 {[%emt 0:00:00]} Bxf4 {[%emt 0:00:00]} 13. Bxe6 {
[%emt 0:00:00]} dxe5 {[%emt 0:00:00]} 14. Nf3 {[%emt 0:00:00]} e4 {[%emt 0:00:
00]} 15. Ne5 {[%emt 0:00:00]} Bxe5 {[%emt 0:00:00]} 16. dxe5 {[%emt 0:00:00]}
Qe7 {[%emt 0:00:00]} 17. Bb3 {[%emt 0:00:00]} Nd7 {[%emt 0:00:00]} 18. e6 {
[%emt 0:00:00]} Nc5 {[%emt 0:00:00]} 19. Qd4 {[%emt 0:00:00]} Rf8 {[%emt 0:00:
00]} 20. Rad1 {[%emt 0:00:00]} Nxe6 {[%emt 0:07:37]} 21. Ba4+ {[%emt 0:05:38]}
c6 {[%emt 0:02:29]} 22. Qc4 {[%emt 0:04:20]} Rc8 {[%emt 0:02:26]} 23. Bb3 {
[%emt 0:01:23]} Nc5 {[%emt 0:00:41]} 24. Bg3 {[%emt 0:00:35]} Ba6 {[%emt 0:02:
40]} 25. Qc3 {[%emt 0:00:25]} Bxf1 {[%emt 0:02:05]} 26. Bd6 {[%emt 0:00:08]}
Qf6 {[%emt 0:00:31]} 27. Be5 {[%emt 0:09:57]} Qg5 {[%emt 0:00:11]} 28. Kxf1 {
[%emt 0:00:13]} Rd8 {[%emt 0:02:07]} 29. Rd6 {[%emt 0:02:22]} Rxd6 {[%emt 0:01:
17]} 30. Bxd6 {[%emt 0:00:01]} Qf6 {[%emt 0:00:24]} 31. Be5 {[%emt 0:00:53]}
Qd8 {[%emt 0:00:12]} 32. Bc4 {[%emt 0:01:18]} f4 {[%emt 0:01:04]} 33. Ke1 {
[%emt 0:02:17]} f3 {[%emt 0:01:17]} 34. Bg3 {[%emt 0:01:15]} Qe7 {[%emt 0:00:
43]} 35. Kf1 {[%emt 0:01:33]} fxg2+ {[%emt 0:01:22]} 36. Kxg2 {[%emt 0:00:02]}
e3 {[%emt 0:00:29]} 37. Be2 {[%emt 0:00:38]} Qe4+ {[%emt 0:00:29]} 38. Kg1 {
[%emt 0:00:12]} Ne6 {[%emt 0:01:02]} 39. Bf1 {[%emt 0:00:50]} Nf4 {[%emt 0:00:
38]} 40. Bxf4 {[%emt 0:00:54]} Rxf4 {[%emt 0:00:06]} 41. Bg2 {[%emt 0:00:06]}
Rg4 {[%emt 0:01:45]} 42. Qh8+ {[%emt 0:00:14]} Kf7 {[%emt 0:00:16]} 43. Qxh7+ {
[%emt 0:00:16]} Kf6 {[%emt 0:00:18]} 44. Qh8+ {[%emt 0:00:11]} Kg5 {[%emt 0:00:
55]} 45. h4+ {[%emt 0:00:31]} Kf5 {[%emt 0:00:13]} 46. Qf8+ {[%emt 0:00:17]}
Ke6 {[%emt 0:00:07]} 47. Qe8+ {[%emt 0:00:24]} Kd5 {[%emt 0:00:02]} 48. Qf7+ {
[%emt 0:00:37]} Kc5 {[%emt 0:00:20]} 49. b4+ {[%emt 0:01:29]} Kb5 {[%emt 0:01:
54]} 50. a4+ {[%emt 0:01:08]} Kxa4 {[%emt 0:00:39]} 51. Qxa7+ {[%emt 0:00:14]}
Kb5 {[%emt 0:00:30]} 52. c4+ {[%emt 0:00:18]} Qxc4 {[%emt 0:00:26]} 53. Qe7 {
[%emt 0:00:35]} Qd5 {[%emt 0:00:56]}  0-1

[Event "1st 4NCL Easter Congress"]
[Site "Stevenage"]
[Date "2019.04.20"]
[Round "2"]
[Board "2"]
[White "Neatherway, A Philip"]
[Black "De Coverly, Roger D"]
[Result "0-1"]
[WhiteElo "1793"]
[BlackElo "1953"]
[PlyCount "90"]
[EventDate "2019.04.19"]
[EventRounds "7"]
[EventCountry "ENG"]

1. e4 {[%emt 0:00:03]} e5 {[%emt 0:00:43]} 2. Nf3 {[%emt 0:00:07]} Nc6 {[%emt
0:00:31]} 3. Nc3 {[%emt 0:00:07]} Nf6 {[%emt 0:00:05]} 4. d4 {[%emt 0:00:05]}
Bb4 {[%emt 0:00:35]} 5. d5 {[%emt 0:00:07]} Ne7 {[%emt 0:00:54]} 6. Nxe5 {
[%emt 0:01:18]} d6 {[%emt 0:03:15]} 7. Nf3 {[%emt 0:04:44]} Nxe4 {[%emt 0:01:
31]} 8. Qd4 {[%emt 0:04:43]} Bxc3+ {[%emt 0:00:30]} 9. bxc3 {[%emt 0:00:07]}
Nf6 {[%emt 0:01:54]} 10. Bg5 {[%emt 0:13:37]} Nf5 {[%emt 0:05:10]} 11. Qa4+ {
[%emt 0:03:58]} Bd7 {[%emt 0:02:01]} 12. Bb5 {[%emt 0:03:52]} a6 {[%emt 0:04:
04]} 13. Bxd7+ {[%emt 0:02:24]} Qxd7 {[%emt 0:00:09]} 14. Qxd7+ {[%emt 0:00:51]
} Nxd7 {[%emt 0:03:01]} 15. O-O-O {[%emt 0:03:17]} f6 {[%emt 0:01:21]} 16.
Rhe1+ {[%emt 0:02:24]} Kf7 {[%emt 0:02:24]} 17. Bd2 {[%emt 0:04:25]} h5 {[%emt
0:03:54]} 18. Kb2 {[%emt 0:13:06]} Rhe8 {[%emt 0:02:17]} 19. c4 {[%emt 0:06:43]
} b5 {[%emt 0:07:38]} 20. Rxe8 {[%emt 0:06:38]} Rxe8 {[%emt 0:00:15]} 21. cxb5
{[%emt 0:00:24]} Rb8 {[%emt 0:01:52]} 22. a4 {[%emt 0:05:32]} Nb6 {[%emt 0:03:
54]} 23. bxa6 {[%emt 0:05:36]} Nxd5+ {[%emt 0:02:50]} 24. Ka3 {[%emt 0:00:07]}
Ra8 {[%emt 0:03:43]} 25. Ba5 {[%emt 0:00:46]} c6 {[%emt 0:03:35]} 26. c4 {
[%emt 0:02:46]} Nde7 {[%emt 0:02:14]} 27. Bc7 {[%emt 0:03:15]} d5 {[%emt 0:00:
33]} 28. Kb4 {[%emt 0:00:21]} dxc4 {[%emt 0:03:39]} 29. Kxc4 {[%emt 0:02:52]}
Nd5 {[%emt 0:00:27]} 30. Kc5 {[%emt 0:01:20]} Ke6 {[%emt 0:04:26]} 31. Rxd5 {
[%emt 0:01:13]} cxd5 {[%emt 0:00:54]} 32. Kb6 {[%emt 0:00:08]} Kd7 {[%emt 0:05:
52]} 33. Kb7 {[%emt 0:00:46]} Rc8 {[%emt 0:02:40]} 34. Bb8 {[%emt 0:01:11]} Rc4
{[%emt 0:01:03]} 35. a7 {[%emt 0:06:09]} Rb4+ {[%emt 0:00:19]} 36. Ka6 {[%emt
0:00:19]} Rxa4+ {[%emt 0:00:39]} 37. Kb7 {[%emt 0:00:32]} Rb4+ {[%emt 0:01:10]}
38. Ka6 {[%emt 0:00:09]} Kc8 {[%emt 0:00:55]} 39. Ka5 {[%emt 0:01:36]} Rb2 {
[%emt 0:00:59]} 40. Ka6 {[%emt 0:00:06]} Rxf2 {[%emt 0:03:24]} 41. Kb6 {[%emt
0:00:07]} Ra2 {[%emt 0:01:52]} 42. Ne1 {[%emt 0:01:29]} d4 {[%emt 0:01:54]} 43.
Nd3 {[%emt 0:00:35]} Ne7 {[%emt 0:04:27]} 44. Nb4 {[%emt 0:00:53]} Ra1 {[%emt
0:01:55]} 45. Bd6 {[%emt 0:00:40]} d3 {[%emt 0:09:55]}  0-1

[Event "1st 4NCL Easter Congress"]
[Site "Stevenage"]
[Date "2019.04.20"]
[Round "2"]
[Board "3"]
[White "Nelson, Omowale A"]
[Black "Karumazondo, Ragarirai Ernest"]
[Result "1-0"]
[WhiteElo "1953"]
[BlackElo "1896"]
[PlyCount "81"]
[EventDate "2019.04.19"]
[EventRounds "7"]
[EventCountry "ENG"]

1. d4 {[%emt 0:11:55]} Nf6 {[%emt 0:04:07]} 2. Nf3 {[%emt 0:00:22]} e6 {[%emt
0:00:08]} 3. c4 {[%emt 0:00:11]} b6 {[%emt 0:00:28]} 4. g3 {[%emt 0:00:56]} Ba6
{[%emt 0:01:13]} 5. Qa4 {[%emt 0:01:56]} Be7 {[%emt 0:06:44]} 6. Bg2 {[%emt 0:
00:11]} O-O {[%emt 0:00:56]} 7. Nc3 {[%emt 0:01:06]} Bb7 {[%emt 0:03:39]} 8.
O-O {[%emt 0:00:12]} Ne4 {[%emt 0:05:20]} 9. Qc2 {[%emt 0:02:30]} d5 {[%emt 0:
03:51]} 10. Rd1 {[%emt 0:06:32]} Nxc3 {[%emt 0:07:11]} 11. Qxc3 {[%emt 0:02:19]
} a5 {[%emt 0:00:50]} 12. Bf4 {[%emt 0:02:11]} Na6 {[%emt 0:01:57]} 13. a3 {
[%emt 0:06:53]} Rc8 {[%emt 0:01:12]} 14. Ne5 {[%emt 0:00:47]} c5 {[%emt 0:03:
51]} 15. dxc5 {[%emt 0:03:29]} Bxc5 {[%emt 0:09:56]} 16. Qf3 {[%emt 0:05:39]}
Qe7 {[%emt 0:04:37]} 17. Qh5 {[%emt 0:03:11]} f6 {[%emt 0:03:14]} 18. Nd3 {
[%emt 0:07:14]} e5 {[%emt 0:01:48]} 19. cxd5 {[%emt 0:12:48]} exf4 {[%emt 0:01:
58]} 20. Nxf4 {[%emt 0:00:27]} Qe5 {[%emt 0:04:00]} 21. Qg4 {[%emt 0:01:30]} f5
{[%emt 0:02:10]} 22. Qg5 {[%emt 0:04:22]} Be7 {[%emt 0:04:14]} 23. Qh5 {[%emt
0:02:50]} Nc5 {[%emt 0:02:09]} 24. b4 {[%emt 0:03:52]} Ne4 {[%emt 0:02:41]} 25.
Ne6 {[%emt 0:08:46]} Rf6 {[%emt 0:03:47]} 26. Bxe4 {[%emt 0:03:35]} Qxe4 {
[%emt 0:00:57]} 27. Ng5 {[%emt 0:00:26]} h6 {[%emt 0:06:38]} 28. Nxe4 {[%emt 0:
00:07]} fxe4 {[%emt 0:00:02]} 29. Qe5 {[%emt 0:01:33]} Bd6 {[%emt 0:03:43]} 30.
Qxe4 {[%emt 0:00:12]} Kf7 {[%emt 0:00:09]} 31. bxa5 {[%emt 0:01:36]} bxa5 {
[%emt 0:00:33]} 32. Qa4 {[%emt 0:01:46]} Ba6 {[%emt 0:00:54]} 33. e3 {[%emt 0:
00:16]} Rc5 {[%emt 0:01:35]} 34. h4 {[%emt 0:00:39]} h5 {[%emt 0:00:55]} 35.
Rac1 {[%emt 0:00:11]} Rb5 {[%emt 0:00:13]} 36. Rc6 {[%emt 0:00:55]} Rb2 {[%emt
0:00:13]} 37. Rxa6 {[%emt 0:01:02]} Rfxf2 {[%emt 0:00:42]} 38. Qe4 {[%emt 0:01:
18]} Be5 {[%emt 0:01:21]} 39. Qg6+ {[%emt 0:00:39]} Ke7 {[%emt 0:01:53]} 40.
Qe6+ {[%emt 0:00:12]} Kd8 {[%emt 0:00:07]} 41. Ra8+ {[%emt 0:00:18]}  1-0

[Event "1st 4NCL Easter Congress"]
[Site "Stevenage"]
[Date "2019.04.20"]
[Round "2"]
[Board "4"]
[White "Ai, Farshad"]
[Black "Gittens, Nathan L"]
[Result "1/2-1/2"]
[WhiteElo "1945"]
[BlackElo "1842"]
[PlyCount "61"]
[EventDate "2019.04.19"]
[EventRounds "7"]
[EventCountry "ENG"]

1. c4 {[%emt 0:00:06]} e6 {[%emt 0:00:20]} 2. g3 {[%emt 0:00:18]} d5 {[%emt 0:
00:11]} 3. Bg2 {[%emt 0:00:30]} c6 {[%emt 0:01:20]} 4. Nf3 {[%emt 0:01:01]}
dxc4 {[%emt 0:03:17]} 5. a4 {[%emt 0:00:58]} Nd7 {[%emt 0:01:50]} 6. Na3 {
[%emt 0:02:49]} Ngf6 {[%emt 0:01:16]} 7. Nxc4 {[%emt 0:01:42]} a5 {[%emt 0:04:
12]} 8. O-O {[%emt 0:02:14]} Be7 {[%emt 0:02:54]} 9. b3 {[%emt 0:09:03]} O-O {
[%emt 0:00:13]} 10. Bb2 {[%emt 0:02:20]} Nd5 {[%emt 0:13:19]} 11. d4 {[%emt 0:
10:42]} b5 {[%emt 0:12:21]} 12. axb5 {[%emt 0:02:05]} cxb5 {[%emt 0:00:07]} 13.
Ncd2 {[%emt 0:04:30]} Bb7 {[%emt 0:02:08]} 14. e4 {[%emt 0:04:35]} Nb4 {[%emt
0:02:36]} 15. Qe2 {[%emt 0:02:27]} Ba6 {[%emt 0:03:00]} 16. Rfc1 {[%emt 0:02:
40]} Qb6 {[%emt 0:02:00]} 17. Ne1 {[%emt 0:13:07]} Rac8 {[%emt 0:03:51]} 18.
Qg4 {[%emt 0:05:18]} Nf6 {[%emt 0:03:27]} 19. Qf4 {[%emt 0:00:48]} Bb7 {[%emt
0:06:38]} 20. h3 {[%emt 0:07:06]} Rfd8 {[%emt 0:05:30]} 21. Nf1 {[%emt 0:03:51]
} Nc6 {[%emt 0:01:18]} 22. Nf3 {[%emt 0:04:46]} a4 {[%emt 0:05:36]} 23. bxa4 {
[%emt 0:02:29]} bxa4 {[%emt 0:00:07]} 24. Rcb1 {[%emt 0:01:25]} Nb4 {[%emt 0:
05:23]} 25. Ne5 {[%emt 0:03:31]} Nc2 {[%emt 0:01:24]} 26. Ba3 {[%emt 0:03:12]}
Qc7 {[%emt 0:01:48]} 27. Bxe7 {[%emt 0:00:34]} Qxe7 {[%emt 0:00:06]} 28. Rxa4 {
[%emt 0:01:12]} Nxd4 {[%emt 0:00:13]} 29. Rb2 {[%emt 0:02:40]} Ra8 {[%emt 0:05:
57]} 30. Rxa8 {[%emt 0:00:35]} Bxa8 {[%emt 0:00:24]} 31. Rd2 {[%emt 0:02:47]}
 1/2-1/2

[Event "1st 4NCL Easter Congress"]
[Site "Stevenage"]
[Date "2019.04.20"]
[Round "2"]
[Board "5"]
[White "Merriman, James"]
[Black "Burrows, Nick"]
[Result "1-0"]
[WhiteElo "1760"]
[BlackElo "1932"]
[PlyCount "91"]
[EventDate "2019.04.19"]
[EventRounds "7"]
[EventCountry "ENG"]

1. d4 {[%emt 0:00:02]} d5 {[%emt 0:00:15]} 2. c4 {[%emt 0:00:04]} c6 {[%emt 0:
00:04]} 3. Nc3 {[%emt 0:00:04]} Nf6 {[%emt 0:00:13]} 4. Nf3 {[%emt 0:00:03]}
dxc4 {[%emt 0:00:19]} 5. a4 {[%emt 0:00:04]} Bf5 {[%emt 0:00:18]} 6. e3 {[%emt
0:00:16]} e6 {[%emt 0:00:11]} 7. Bxc4 {[%emt 0:00:21]} Bb4 {[%emt 0:00:13]} 8.
O-O {[%emt 0:00:06]} O-O {[%emt 0:00:11]} 9. Qe2 {[%emt 0:00:04]} Bg6 {[%emt 0:
01:30]} 10. Ne5 {[%emt 0:00:07]} Nbd7 {[%emt 0:01:36]} 11. Nxg6 {[%emt 0:00:36]
} hxg6 {[%emt 0:00:03]} 12. e4 {[%emt 0:02:20]} e5 {[%emt 0:07:33]} 13. d5 {
[%emt 0:07:36]} Re8 {[%emt 0:04:29]} 14. dxc6 {[%emt 0:00:56]} bxc6 {[%emt 0:
00:06]} 15. Bxf7+ {[%emt 0:00:22]} Kxf7 {[%emt 0:00:36]} 16. Qc4+ {[%emt 0:00:
05]} Re6 {[%emt 0:04:50]} 17. Qxb4 {[%emt 0:00:06]} Rb8 {[%emt 0:01:06]} 18.
Qc4 {[%emt 0:00:37]} Qe7 {[%emt 0:01:23]} 19. Qe2 {[%emt 0:04:01]} Qb4 {[%emt
0:05:04]} 20. Rb1 {[%emt 0:05:20]} Nc5 {[%emt 0:01:23]} 21. f3 {[%emt 0:00:22]}
Nb3 {[%emt 0:08:45]} 22. Be3 {[%emt 0:01:37]} Nd4 {[%emt 0:00:17]} 23. Qf2 {
[%emt 0:01:42]} c5 {[%emt 0:05:22]} 24. f4 {[%emt 0:09:52]} Ng4 {[%emt 0:05:06]
} 25. Qd2 {[%emt 0:00:12]} Nxe3 {[%emt 0:02:18]} 26. Qxe3 {[%emt 0:00:24]} exf4
{[%emt 0:14:00]} 27. Qxf4+ {[%emt 0:01:41]} Kg8 {[%emt 0:00:58]} 28. Qf7+ {
[%emt 0:08:02]} Kh8 {[%emt 0:00:05]} 29. Qxa7 {[%emt 0:04:32]} Nc2 {[%emt 0:07:
37]} 30. Qf7 {[%emt 0:03:35]} Reb6 {[%emt 0:04:08]} 31. Rf3 {[%emt 0:01:12]}
Qd4+ {[%emt 0:02:17]} 32. Kh1 {[%emt 0:00:07]} g5 {[%emt 0:00:59]} 33. Rd1 {
[%emt 0:01:34]} Qe5 {[%emt 0:01:48]} 34. Rd5 {[%emt 0:00:51]} Qe8 {[%emt 0:01:
34]} 35. Rh3+ {[%emt 0:03:31]} Rh6 {[%emt 0:00:05]} 36. Rxh6+ {[%emt 0:01:33]}
gxh6 {[%emt 0:00:10]} 37. Qxe8+ {[%emt 0:00:09]} Rxe8 {[%emt 0:00:06]} 38. Rxc5
{[%emt 0:00:18]} Rf8 {[%emt 0:02:45]} 39. Rf5 {[%emt 0:00:38]} Rb8 {[%emt 0:00:
30]} 40. Nb5 {[%emt 0:01:10]} Ne3 {[%emt 0:02:38]} 41. Rf3 {[%emt 0:00:59]} Rd8
{[%emt 0:00:36]} 42. Nc3 {[%emt 0:02:55]} Nd1 {[%emt 0:01:34]} 43. h4 {[%emt 0:
01:23]} g4 {[%emt 0:03:36]} 44. Rg3 {[%emt 0:03:37]} Nf2+ {[%emt 0:00:46]} 45.
Kg1 {[%emt 0:00:39]} Rd2 {[%emt 0:00:37]} 46. a5 {[%emt 0:00:00]}  1-0

[Event "1st 4NCL Easter Congress"]
[Site "Stevenage"]
[Date "2019.04.20"]
[Round "2"]
[Board "6"]
[White "Chin, Francis Cw"]
[Black "Gray, Edward"]
[Result "0-1"]
[WhiteElo "1944"]
[BlackElo "1704"]
[PlyCount "58"]
[EventDate "2019.04.19"]
[EventRounds "7"]
[EventCountry "ENG"]

1. d4 {[%emt 0:00:41]} Nf6 {[%emt 0:00:14]} 2. Nf3 {[%emt 0:00:05]} g6 {[%emt
0:00:07]} 3. c4 {[%emt 0:01:12]} c5 {[%emt 0:00:14]} 4. d5 {[%emt 0:00:20]} b5
{[%emt 0:00:10]} 5. a4 {[%emt 0:00:20]} bxc4 {[%emt 0:00:36]} 6. Nc3 {[%emt 0:
00:52]} Bg7 {[%emt 0:00:19]} 7. e4 {[%emt 0:00:44]} d6 {[%emt 0:00:10]} 8. Bxc4
{[%emt 0:01:10]} O-O {[%emt 0:00:33]} 9. O-O {[%emt 0:03:34]} Ba6 {[%emt 0:01:
34]} 10. Nd2 {[%emt 0:03:53]} Nfd7 {[%emt 0:02:53]} 11. Qe2 {[%emt 0:02:58]}
Qc8 {[%emt 0:02:20]} 12. Bb5 {[%emt 0:11:01]} Bxb5 {[%emt 0:02:33]} 13. axb5 {
[%emt 0:00:50]} Nb6 {[%emt 0:00:26]} 14. f4 {[%emt 0:07:51]} N8d7 {[%emt 0:01:
39]} 15. Nf3 {[%emt 0:00:26]} c4 {[%emt 0:05:51]} 16. Be3 {[%emt 0:02:16]} Nc5
{[%emt 0:01:18]} 17. Nd4 {[%emt 0:00:54]} Bxd4 {[%emt 0:05:07]} 18. Bxd4 {
[%emt 0:00:21]} Nb3 {[%emt 0:00:06]} 19. Rad1 {[%emt 0:03:54]} Nxd4 {[%emt 0:
00:20]} 20. Rxd4 {[%emt 0:00:03]} Qc5 {[%emt 0:00:10]} 21. Rfd1 {[%emt 0:03:37]
} e5 {[%emt 0:04:16]} 22. dxe6 {[%emt 0:03:15]} fxe6 {[%emt 0:00:08]} 23. Kh1 {
[%emt 0:08:46]} Rxf4 {[%emt 0:05:37]} 24. g3 {[%emt 0:02:41]} Rf6 {[%emt 0:01:
50]} 25. Rxd6 {[%emt 0:02:08]} Raf8 {[%emt 0:00:12]} 26. Rd8 {[%emt 0:07:28]}
Rf2 {[%emt 0:05:47]} 27. Qg4 {[%emt 0:05:54]} Kg7 {[%emt 0:04:48]} 28. Rxf8 {
[%emt 0:21:50]} Qxf8 {[%emt 0:00:34]} 29. Re1 {[%emt 0:02:17]} Rf1+ {[%emt 0:
03:57]}  0-1

[Event "1st 4NCL Easter Congress"]
[Site "Stevenage"]
[Date "2019.04.20"]
[Round "2"]
[Board "7"]
[White "Johnson, Richard J"]
[Black "Mellor, Jessica"]
[Result "1-0"]
[WhiteElo "1922"]
[BlackElo "1680"]
[PlyCount "87"]
[EventDate "2019.04.19"]
[EventRounds "7"]
[EventCountry "ENG"]

1. e4 {[%emt 0:00:02]} e5 {[%emt 0:00:09]} 2. Nf3 {[%emt 0:00:04]} Nc6 {[%emt
0:00:14]} 3. d4 {[%emt 0:00:03]} exd4 {[%emt 0:00:20]} 4. Nxd4 {[%emt 0:00:05]}
Qh4 {[%emt 0:00:43]} 5. Nc3 {[%emt 0:00:28]} Bb4 {[%emt 0:00:44]} 6. Be2 {
[%emt 0:00:18]} Qxe4 {[%emt 0:00:53]} 7. Nxc6 {[%emt 0:00:06]} Qxc6 {[%emt 0:
02:27]} 8. O-O {[%emt 0:00:09]} Ne7 {[%emt 0:12:47]} 9. Bf3 {[%emt 0:01:41]}
Qf6 {[%emt 0:05:55]} 10. Ne4 {[%emt 0:08:52]} Qg6 {[%emt 0:05:33]} 11. c3 {
[%emt 0:01:33]} Ba5 {[%emt 0:00:31]} 12. Re1 {[%emt 0:04:03]} d5 {[%emt 0:09:
36]} 13. Qa4+ {[%emt 0:02:20]} c6 {[%emt 0:04:10]} 14. Qxa5 {[%emt 0:02:52]}
dxe4 {[%emt 0:00:59]} 15. Bxe4 {[%emt 0:06:35]} Qd6 {[%emt 0:05:57]} 16. Bg5 {
[%emt 0:05:09]} f6 {[%emt 0:01:53]} 17. Rad1 {[%emt 0:01:20]} b6 {[%emt 0:12:
08]} 18. Rxd6 {[%emt 0:00:15]} bxa5 {[%emt 0:00:08]} 19. Bxc6+ {[%emt 0:00:15]}
Kf7 {[%emt 0:00:12]} 20. Bxa8 {[%emt 0:00:12]} fxg5 {[%emt 0:00:32]} 21. Bd5+ {
[%emt 0:01:43]} Nxd5 {[%emt 0:00:21]} 22. Rxd5 {[%emt 0:00:05]} a4 {[%emt 0:01:
02]} 23. Ra5 {[%emt 0:01:37]} a6 {[%emt 0:01:01]} 24. Rxa4 {[%emt 0:00:13]} Rd8
{[%emt 0:01:29]} 25. Rd4 {[%emt 0:00:11]} Rxd4 {[%emt 0:02:47]} 26. cxd4 {
[%emt 0:00:07]} Be6 {[%emt 0:00:12]} 27. a3 {[%emt 0:00:56]} Bb3 {[%emt 0:01:
52]} 28. Re5 {[%emt 0:01:37]} h6 {[%emt 0:00:15]} 29. f3 {[%emt 0:00:37]} Kf6 {
[%emt 0:00:41]} 30. Kf2 {[%emt 0:01:03]} Kg6 {[%emt 0:00:42]} 31. Ke3 {[%emt 0:
00:27]} Kf6 {[%emt 0:00:15]} 32. Rc5 {[%emt 0:00:31]} Ba4 {[%emt 0:00:38]} 33.
Ra5 {[%emt 0:03:25]} Bb5 {[%emt 0:00:11]} 34. a4 {[%emt 0:00:08]} Bf1 {[%emt 0:
00:19]} 35. g3 {[%emt 0:00:12]} h5 {[%emt 0:00:31]} 36. b4 {[%emt 0:01:24]} h4
{[%emt 0:00:26]} 37. b5 {[%emt 0:00:07]} axb5 {[%emt 0:01:02]} 38. axb5 {[%emt
0:00:06]} Bc4 {[%emt 0:00:23]} 39. b6 {[%emt 0:00:25]} hxg3 {[%emt 0:00:34]}
40. hxg3 {[%emt 0:00:04]} g4 {[%emt 0:01:49]} 41. b7 {[%emt 0:00:35]} gxf3 {
[%emt 0:00:12]} 42. b8=Q {[%emt 0:00:08]} f2 {[%emt 0:01:42]} 43. Kxf2 {[%emt
0:00:06]} Be6 {[%emt 0:00:24]} 44. Qe5+ {[%emt 0:00:26]}  1-0

[Event "1st 4NCL Easter Congress"]
[Site "Stevenage"]
[Date "2019.04.20"]
[Round "2"]
[Board "8"]
[White "Brocklehurst, Andrew"]
[Black "Turner, Sam"]
[Result "1-0"]
[WhiteElo "1900"]
[BlackElo "1645"]
[PlyCount "97"]
[EventDate "2019.04.19"]
[EventRounds "7"]
[EventCountry "ENG"]

1. e4 {[%emt 0:00:04]} c5 {[%emt 0:00:32]} 2. Nf3 {[%emt 0:00:07]} g6 {[%emt 0:
00:04]} 3. d4 {[%emt 0:04:01]} cxd4 {[%emt 0:02:36]} 4. Nxd4 {[%emt 0:00:52]}
Nc6 {[%emt 0:00:14]} 5. Nxc6 {[%emt 0:02:41]} bxc6 {[%emt 0:00:12]} 6. Qd4 {
[%emt 0:02:06]} Nf6 {[%emt 0:14:36]} 7. e5 {[%emt 0:06:00]} Qa5+ {[%emt 0:10:
36]} 8. Bd2 {[%emt 0:18:57]} Qd5 {[%emt 0:01:03]} 9. Qxd5 {[%emt 0:01:06]} Nxd5
{[%emt 0:00:13]} 10. Nc3 {[%emt 0:01:20]} Nb4 {[%emt 0:10:08]} 11. O-O-O {
[%emt 0:03:04]} Bg7 {[%emt 0:02:48]} 12. f4 {[%emt 0:02:11]} O-O {[%emt 0:05:
11]} 13. a3 {[%emt 0:03:11]} Nd5 {[%emt 0:01:58]} 14. Nxd5 {[%emt 0:00:37]}
cxd5 {[%emt 0:00:11]} 15. Bb4 {[%emt 0:00:41]} d6 {[%emt 0:09:02]} 16. exd6 {
[%emt 0:03:36]} exd6 {[%emt 0:02:26]} 17. Bxd6 {[%emt 0:08:30]} Rd8 {[%emt 0:
03:10]} 18. Bc7 {[%emt 0:08:51]} Rd7 {[%emt 0:02:14]} 19. Be5 {[%emt 0:01:58]}
Bxe5 {[%emt 0:05:54]} 20. fxe5 {[%emt 0:00:08]} Bb7 {[%emt 0:03:57]} 21. Bb5 {
[%emt 0:00:57]} Re7 {[%emt 0:04:35]} 22. Rhe1 {[%emt 0:01:35]} Rc8 {[%emt 0:02:
11]} 23. Ba4 {[%emt 0:02:17]} Rc4 {[%emt 0:01:22]} 24. Bb3 {[%emt 0:01:56]} Re4
{[%emt 0:03:49]} 25. Rxe4 {[%emt 0:03:20]} dxe4 {[%emt 0:00:10]} 26. Bd5 {
[%emt 0:01:18]} Bxd5 {[%emt 0:01:05]} 27. Rxd5 {[%emt 0:00:23]} Kg7 {[%emt 0:
01:31]} 28. Kd2 {[%emt 0:01:13]} f5 {[%emt 0:04:23]} 29. exf6+ {[%emt 0:00:28]}
Kxf6 {[%emt 0:00:12]} 30. Ke3 {[%emt 0:02:59]} Rc7 {[%emt 0:02:14]} 31. c3 {
[%emt 0:00:13]} Rb7 {[%emt 0:03:56]} 32. b4 {[%emt 0:03:40]} Rc7 {[%emt 0:00:
31]} 33. Rc5 {[%emt 0:00:16]} Rxc5 {[%emt 0:01:12]} 34. bxc5 {[%emt 0:00:08]}
Ke5 {[%emt 0:00:07]} 35. c4 {[%emt 0:00:42]} a5 {[%emt 0:01:29]} 36. g3 {[%emt
0:05:29]} a4 {[%emt 0:01:08]} 37. g4 {[%emt 0:01:50]} h6 {[%emt 0:01:01]} 38.
h4 {[%emt 0:00:38]} h5 {[%emt 0:00:29]} 39. g5 {[%emt 0:00:38]} Kf5 {[%emt 0:
00:37]} 40. c6 {[%emt 0:00:20]} Ke6 {[%emt 0:00:13]} 41. c5 {[%emt 0:00:25]}
Ke7 {[%emt 0:00:53]} 42. Kxe4 {[%emt 0:00:21]} Ke6 {[%emt 0:00:21]} 43. Kd4 {
[%emt 0:02:58]} Ke7 {[%emt 0:00:25]} 44. Ke5 {[%emt 0:00:10]} Ke8 {[%emt 0:00:
31]} 45. Kf6 {[%emt 0:00:30]} Kd8 {[%emt 0:00:45]} 46. Kxg6 {[%emt 0:00:13]}
Kc7 {[%emt 0:00:05]} 47. Kxh5 {[%emt 0:00:09]} Kxc6 {[%emt 0:00:45]} 48. g6 {
[%emt 0:00:13]} Kxc5 {[%emt 0:00:04]} 49. g7 {[%emt 0:00:15]}  1-0